000 00555nam a22001817a 4500
005 20180511110307.0
010 _aENG-122980
020 _c195.00
_a9789386551436
035 _aEN-106512
037 _bDBAD/PUB.
082 _a005.133
100 _aKanetkar, Yashavant
245 _aComputer system & programming in C /
_cby Yashavant Kanetkar
260 _aNew Dellhi
_bBPB Publications
_c2016
270 _a20, Ansari Road, Darya Ganj,
_bNew Dellhi
_e110002
300 _a206p.
_c22cm(pbk)
_bill.
942 _2ddc
_cEN
_mKAN
_h005.133
999 _c152001
_d152001